000
00312nam a22001457a 4500
008
231012b ||||| |||| 00| 0 eng d
020
_a
9780415069601
041
_a
eng
080
_a
53
082
_a
53HIL
100
_a
23
101
_a
MATEM
245
_a
QUANTUM IMPLICATIONS
_c
HILEY.J.R
942
_2
udc
_c
BK
999
_c
60429
_d
60429